|
|
|
|
| LEADER |
00738nam a2200205 a 4500 |
| 001 |
00011629 |
| 008 |
110314s1999 iia b 000 0 eng |
| 040 |
|
|
|a BD-DhAAL
|c BD-DhAAL
|
| 082 |
0 |
0 |
|a 382
|2 22
|
| 100 |
1 |
|
|a Michael, V.P.
|
| 245 |
1 |
0 |
|a Globalisation, liberalisation and strategic management /
|c Michael V.P.
|
| 260 |
|
|
|a Mumbai :
|b Himalaya Publishing,
|c 1999.
|
| 300 |
|
|
|a 479 p. :
|b ill. ;
|c 25 cm.
|
| 504 |
|
|
|a Includes bibliographical references
|
| 541 |
|
|
|e 00011629
|
| 650 |
|
0 |
|a International trade.
|
| 650 |
|
0 |
|a Strategic planning.
|
| 852 |
4 |
|
|a Ayesha Abed Library
|j General shelf
|
| 999 |
|
|
|c 10539
|d 10539
|
| 952 |
|
|
|0 0
|1 0
|2 ddc
|4 0
|6 382_MIC
|7 0
|9 14695
|a BRACUL
|b BRACUL
|c GEN
|d 2011-03-16
|l 0
|o 382 MIC
|p 3010011629
|r 2011-03-16
|t 1
|w 2011-03-16
|y BK
|